[Event "Mexican op 66th"]
[Site "Villahermosa"]
[Date "2021.08.06"]
[Round "4"]
[White "Fernandez Pozas, Pablo Antonio"]
[Black "Quiroga Jaquez, Angel Ivan"]
[Result "0-1"]
[WhiteElo "2048"]
[BlackElo "2227"]
[PlyCount "106"]
[EventDate "2021.08.04"]
[EventType "swiss"]
[EventRounds "8"]
[EventCountry "MEX"]
[SourceTitle "CBM 203 Extra"]
[Source "ChessBase"]
[SourceDate "2021.09.30"]
[SourceVersion "1"]
[SourceVersionDate "2021.09.30"]
[SourceQuality "1"]

1. d4 Nf6 2. c4 e6 3. Nc3 d5 4. cxd5 exd5 5. Bg5 Be7 6. e3 c6 7. Bd3 Nbd7 8. Qc2 0-0 9. Nge2 Re8 10. 0-0 g6 11. f3 Nf8 12. Bh4 Ne6 13. Rad1 b5 14. Bf2 Bb7 15. Kh1 Bf8 16. e4 dxe4 17. fxe4 Ng4 18. Bg1 Qh4 19. Qd2 b4 20. Na4 f5 21. Bc4 Kh8 22. Nc5 Nxc5 23. dxc5 Rxe4 24. Qxb4 Ba6 25. Rd4 Nxh2 26. Qe1 Qxe1 27. Rxe1 Bxc4 28. Rxe4 fxe4 29. Kxh2 Re8 30. Nc3 Bd3 31. Bd4+ Kg8 32. Be3 Bg7 33. Rc1 Be5+ 34. Kg1 Kg7 35. Kf2 Rf8+ 36. Ke1 h5 37. Kd2 h4 38. Rh1 Bf6 39. g3 g5 40. gxh4 gxh4 41. Rh2 Kf7 42. Bf2 Rh8 43. Ke3 Bg5+ 44. Kd4 Bf4 45. Rxh4 Rd8+ 46. Nd5 Rxd5+ 47. Kc3 Be5+ 48. Kb3 Bg7 49. Rf4+ Ke6 50. Rg4 Bf6 51. Rg8 Rf5 52. Be3 Rf3 53. Bd2 e3 0-1